[Event "21st Panam-ch"]
[Site "Mar del Plata ARG"]
[Date "2012.10.21"]
[Round "11.46"]
[White "Conde, Adrian"]
[Black "Pichot, Alan"]
[Result "0-1"]
[WhiteElo "2053"]
[BlackElo "2300"]
[EventDate "2012.10.12"]
[PlyCount "70"]

1.d4 Nf6 2.c4 c5 3.d5 e6 4.Nc3 exd5 5.cxd5 Bd6 6.e4 O-O 7.Nf3 Re8 8.Bd3 
Bc7 9.O-O d6 10.h3 Nbd7 11.Bg5 h6 12.Bh4 Nf8 13.Nd2 Ng6 14.Bg3 a6 15.a4 
Rb8 16.f4 Bd7 17.Kh1 b5 18.axb5 axb5 19.b4 c4 20.Bc2 Bb6 21.e5 dxe5 22.
Bxg6 fxg6 23.fxe5 Nh5 24.Bh2 Bd4 25.Qc2 Bf5 26.Rxf5 gxf5 27.Rf1 f4 28.Bxf4
Nxf4 29.Rxf4 Bxc3 30.Qxc3 Qxd5 31.Nf3 Qd3 32.Qe1 Rbd8 33.Qg3 c3 34.Rg4 Rd7
35.e6 c2 0-1

[Event "21st Panam-ch"]
[Site "Mar del Plata ARG"]
[Date "2012.10.21"]
[Round "11.47"]
[White "Cerda Albornoz, Guillermo"]
[Black "Cervetto, Esteban"]
[Result "1/2-1/2"]
[WhiteElo "2267"]
[BlackElo "2100"]
[EventDate "2012.10.12"]
[PlyCount "40"]

1.e4 e5 2.Nf3 Nc6 3.Bc4 Nf6 4.d3 Bc5 5.O-O d6 6.c3 O-O 7.Bb3 a6 8.a4 Ba7 
9.Nbd2 Ne7 10.d4 Ng6 11.Re1 h6 12.h3 Be6 13.Bc2 Nh7 14.Nf1 Nh4 15.dxe5 
Nxf3+ 16.Qxf3 dxe5 17.Nh2 Qh4 18.Nf1 Rad8 19.a5 Rd6 20.Qg3 Qxg3 1/2-1/2

[Event "21st Panam-ch"]
[Site "Mar del Plata ARG"]
[Date "2012.10.21"]
[Round "11.48"]
[White "Perez, Maximiliano"]
[Black "Heinecke, Lucas"]
[Result "1/2-1/2"]
[WhiteElo "2264"]
[BlackElo "1978"]
[EventDate "2012.10.12"]
[PlyCount "46"]

1.e4 c5 2.Nf3 d6 3.d4 cxd4 4.Nxd4 Nf6 5.f3 g6 6.c4 Nc6 7.Nc3 Bg7 8.Be3 O-O
9.Qd2 Nxd4 10.Bxd4 a5 11.Be2 Bd7 12.O-O Bc6 13.b3 Nd7 14.Be3 Nc5 15.Rab1 
Qb8 16.Nb5 Bxb5 17.cxb5 Rc8 18.Bc4 Rc7 19.Bd5 Qe8 20.a4 Qf8 21.Rbc1 h5 22.
Rfd1 Kh7 23.Rc2 Rd7 1/2-1/2

[Event "21st Panam-ch"]
[Site "Mar del Plata ARG"]
[Date "2012.10.21"]
[Round "11.49"]
[White "Bouwman, Marcelo Wanderley"]
[Black "Bianchi, Augusto"]
[Result "0-1"]
[WhiteElo "2233"]
[BlackElo "1903"]
[EventDate "2012.10.12"]
[PlyCount "80"]

1.e4 d5 2.exd5 Nf6 3.d4 Nxd5 4.c4 Nb6 5.Nc3 g6 6.c5 Nd5 7.Bc4 c6 8.Qb3 e6 
9.Nf3 Nxc3 10.bxc3 Bg7 11.Bf4 O-O 12.O-O Nd7 13.Rfe1 Re8 14.Re2 Nf6 15.
Rae1 Nd5 16.Bd6 b6 17.g3 bxc5 18.Bxc5 Qa5 19.Ne5 Nxc3 20.Re3 Bxe5 21.Rxe5 
Nd5 22.Bxd5 cxd5 23.Qe3 Qxa2 24.Rh5 Qa5 25.h4 Ba6 26.Kh2 f6 27.Rh6 e5 28.
Rxg6+ hxg6 29.Qh6 Qc7 30.Qxg6+ Qg7 31.Qh5 Bd3 32.Rc1 Qg6 33.Qd1 Qf5 34.
dxe5 fxe5 35.f3 e4 36.Rc3 Bc4 37.f4 Rab8 38.Ba3 Qf6 39.Qg4+ Qg7 40.Kh3 
Qxg4+ 0-1

[Event "21st Panam-ch"]
[Site "Mar del Plata ARG"]
[Date "2012.10.21"]
[Round "11.50"]
[White "Benedetti, Julio"]
[Black "Lingua, Alejo"]
[Result "0-1"]
[WhiteElo "2117"]
[BlackElo "2232"]
[EventDate "2012.10.12"]
[PlyCount "60"]

1.e4 c5 2.c3 d6 3.d4 Nf6 4.Bd3 g6 5.Nf3 Bg7 6.Qe2 O-O 7.O-O cxd4 8.cxd4 
Bg4 9.Nbd2 Nc6 10.Nb3 a5 11.d5 a4 12.dxc6 axb3 13.cxb7 Rxa2 14.Bd2 Qb6 15.
Bc3 Qxb7 16.Rxa2 bxa2 17.Ra1 Ra8 18.h3 Bxf3 19.Qxf3 Qb3 20.Qe2 Rc8 21.Bc2 
Qe6 22.Qa6 h5 23.Bb3 Qd7 24.Qxa2 e6 25.Re1 h4 26.e5 dxe5 27.Bxe5 Qd2 28.
Qb1 Ng4 29.hxg4 Bxe5 30.Kf1 Bd4 0-1

[Event "21st Panam-ch"]
[Site "Mar del Plata ARG"]
[Date "2012.10.21"]
[Round "11.51"]
[White "Postolski, Javier"]
[Black "Ferro, Ezequiel"]
[Result "1/2-1/2"]
[WhiteElo "2006"]
[BlackElo "2214"]
[EventDate "2012.10.12"]
[PlyCount "118"]

1.e4 e6 2.d4 d5 3.Nc3 Bb4 4.e5 c5 5.a3 Bxc3+ 6.bxc3 Qc7 7.Bd2 Nc6 8.Nf3 
Nge7 9.Bd3 Bd7 10.O-O h6 11.Re1 c4 12.Bf1 g5 13.h3 O-O-O 14.Nh2 Rdg8 15.
Ng4 Rg6 16.Nf6 Ng8 17.Nh5 f5 18.g4 fxg4 19.hxg4 Rh7 20.Qf3 Qd8 21.a4 Be8 
22.Bc1 Rf7 23.Qg2 Qa5 24.Bb2 Nb8 25.Re3 Bc6 26.Rf3 Qc7 27.Ba3 Be8 28.Bd6 
Qd7 29.a5 Rxf3 30.Qxf3 Qf7 31.Qe3 Nd7 32.a6 b6 33.Bxc4 Ne7 34.Bd3 Rg8 35.
c4 Nf5 36.Bxf5 exf5 37.e6 Qg6 38.exd7+ Bxd7 39.cxd5 Qxd6 40.Qe5 Qxe5 41.
dxe5 fxg4 42.Nf6 Rf8 43.Ra3 Bf5 44.Rc3+ Kd8 45.d6 Rf7 46.Ng8 Bc8 47.Ne7 
Bd7 48.Nc6+ Bxc6 49.Rxc6 Kd7 50.Rc3 Ke6 51.Re3 h5 52.Kg2 h4 53.Rd3 Rd7 54.
Re3 Rf7 55.c4 Rf8 56.Re2 Rf4 57.Rd2 Rf8 58.Re2 Rf4 59.Rd2 Rf8 1/2-1/2

[Event "21st Panam-ch"]
[Site "Mar del Plata ARG"]
[Date "2012.10.21"]
[Round "11.52"]
[White "Palmiotto, Marco Ivan"]
[Black "Miranda Junior, Roberto Calheiros"]
[Result "0-1"]
[WhiteElo "1985"]
[BlackElo "2200"]
[EventDate "2012.10.12"]
[PlyCount "103"]

1.e4 c5 2.Nf3 Nc6 3.d4 cxd4 4.Nxd4 e5 5.Nb5 a6 6.Nd6+ Bxd6 7.Qxd6 Qf6 8.
Qd1 Qg6 9.Nc3 d5 10.Nxd5 Qxe4+ 11.Ne3 Be6 12.Bd3 Qd4 13.c3 Qc5 14.Qc2 Nge7
15.b4 Qb6 16.O-O Rc8 17.Qb1 h6 18.a4 O-O 19.Ba3 Rfe8 20.Bc4 Nd8 21.Qd3 Qc7
22.Bxe6 Nxe6 23.Bb2 Red8 24.Qc2 Nd4 25.Qd1 Ndf5 26.Qe2 Nxe3 27.fxe3 Qc6 
28.e4 Ng6 29.g3 Qe6 30.Rf3 Rd7 31.Raf1 Rcd8 32.Bc1 Qb3 33.Kg2 Qxa4 34.h4 
Qb5 35.Qa2 Nh8 36.R1f2 Qc6 37.Qe2 Rd1 38.Qc2 Re1 39.Re3 Rxe3 40.Bxe3 Qc4 
41.Rd2 Rxd2+ 42.Bxd2 Ng6 43.Be3 Nf8 44.Kf3 Ne6 45.Qd2 Qf1+ 46.Bf2 Qc4 47.
Be3 Qc6 48.g4 Qc4 49.Bf2 Nf4 50.Qe3 Qf1 51.Qd2 Qg2+ 52.Ke3 0-1

[Event "21st Panam-ch"]
[Site "Mar del Plata ARG"]
[Date "2012.10.21"]
[Round "11.53"]
[White "Andrade, Roberto Luiz Costa"]
[Black "Sampaio, Leonardo de Souza Prallon"]
[Result "1-0"]
[WhiteElo "2187"]
[BlackElo "1976"]
[EventDate "2012.10.12"]
[PlyCount "61"]

1.e4 c5 2.Nf3 d6 3.c3 Nf6 4.h3 Nc6 5.Bd3 g6 6.Bc2 Bg7 7.d4 cxd4 8.cxd4 O-O
9.Nc3 a6 10.O-O e6 11.Be3 b5 12.a3 Bb7 13.b4 Rc8 14.Qd2 Qc7 15.Rac1 Nxb4 
16.Bb1 Nc6 17.d5 exd5 18.Nxd5 Qb8 19.Rxc6 Rxc6 20.Ne7+ Kh8 21.Nxc6 Bxc6 
22.Bd4 Kg8 23.Qc3 Rc8 24.Bxf6 Bxe4 25.Qb2 Bxf3 26.Bxg7 Qb7 27.Bh6 f6 28.
gxf3 Qxf3 29.Ba2+ Kh8 30.Re1 d5 31.Bxd5 1-0

[Event "21st Panam-ch"]
[Site "Mar del Plata ARG"]
[Date "2012.10.21"]
[Round "11.54"]
[White "Bulgarini Torre, Marco"]
[Black "Avila, Pedro Andres"]
[Result "0-1"]
[WhiteElo "1977"]
[BlackElo "2145"]
[EventDate "2012.10.12"]
[PlyCount "74"]

1.e4 c5 2.Nc3 d6 3.g3 Nc6 4.Bg2 g6 5.d3 Bg7 6.Nh3 Rb8 7.O-O b5 8.f4 b4 9.
Nd5 Nd4 10.c3 bxc3 11.bxc3 Nb5 12.Qe1 e6 13.a4 Nd4 14.cxd4 exd5 15.e5 dxe5
16.dxc5 e4 17.Ra2 f5 18.dxe4 dxe4 19.Be3 Nf6 20.Rd2 Qc7 21.Bd4 Rb3 22.Qa1 
Qc6 23.Ng5 h6 24.Qa2 Rb7 25.Qc4 Rc7 26.Rfd1 hxg5 27.fxg5 Be6 28.Qc3 Nd5 
29.Qb2 Bxd4+ 30.Qxd4 Qxc5 31.Kh1 Qxd4 32.Rxd4 Ke7 33.h4 Ne3 34.Rb1 Rd8 35.
Rdb4 Rcd7 36.Bf1 Nxf1 37.Rxf1 Bd5 0-1

[Event "21st Panam-ch"]
[Site "Mar del Plata ARG"]
[Date "2012.10.21"]
[Round "11.55"]
[White "Mackeprang, Luis"]
[Black "Rodriguez, Carolina"]
[Result "1-0"]
[WhiteElo "2145"]
[BlackElo "1776"]
[EventDate "2012.10.12"]
[PlyCount "49"]

1.e4 c5 2.Nf3 d6 3.d4 cxd4 4.Nxd4 Nf6 5.Nc3 g6 6.f3 Bg7 7.Be3 Nc6 8.Qd2 
O-O 9.O-O-O Bd7 10.g4 Rc8 11.h4 Ne5 12.h5 Qa5 13.Nb3 Qc7 14.Be2 Nc4 15.
Bxc4 Qxc4 16.Bd4 b5 17.Bxf6 Bxf6 18.Nd5 Be6 19.Nxf6+ exf6 20.Rh2 Rfd8 21.
Qf4 a5 22.Qxf6 a4 23.Nd4 Qxa2 24.hxg6 fxg6 25.Rxh7 1-0

[Event "21st Panam-ch"]
[Site "Mar del Plata ARG"]
[Date "2012.10.21"]
[Round "11.56"]
[White "Lopez Miller, Indalecio"]
[Black "Borja Avila, Raul"]
[Result "0-1"]
[WhiteElo "1940"]
[BlackElo "2140"]
[EventDate "2012.10.12"]
[PlyCount "82"]

1.e4 g6 2.d4 Bg7 3.Nf3 d6 4.Nc3 Nf6 5.Be2 O-O 6.O-O b6 7.Nd2 c5 8.Nb3 Nc6 
9.Be3 a6 10.a4 Bb7 11.f3 Nd7 12.Kh1 Rc8 13.d5 Nb4 14.Qd2 a5 15.Rae1 Re8 
16.f4 e6 17.Bc4 exd5 18.Bxd5 Nxd5 19.exd5 f5 20.Nb5 Nf6 21.c4 Ne4 22.Qc2 
Ba6 23.Nd2 Qf6 24.b3 Re7 25.Nxe4 Rxe4 26.Bf2 Bxb5 27.axb5 Rce8 28.Qd2 Qc3 
29.Qxc3 Bxc3 30.Rxe4 Rxe4 31.Bh4 Kf7 32.Bd8 a4 33.bxa4 Ba5 34.Rc1 Rxf4 35.
Kg1 h6 36.Rc2 Ke8 37.Bf6 Kf7 38.Bd8 Rd4 39.Kf2 Re4 40.Kf3 g5 41.h3 Rd4 0-1

[Event "21st Panam-ch"]
[Site "Mar del Plata ARG"]
[Date "2012.10.21"]
[Round "11.59"]
[White "Teixeira, Ricardo da Silva"]
[Black "Evans, Pablo"]
[Result "1-0"]
[WhiteElo "2276"]
[BlackElo "2017"]
[EventDate "2012.10.12"]
[PlyCount "61"]

1.e4 b6 2.d3 Bb7 3.f4 e6 4.Nf3 c5 5.g3 Nc6 6.Bg2 g6 7.O-O Nge7 8.d4 cxd4 
9.Nxd4 Nc8 10.Be3 Bg7 11.Nc3 O-O 12.e5 a6 13.Nxc6 Bxc6 14.Bxc6 dxc6 15.
Qxd8 Rxd8 16.Rad1 Re8 17.Rd7 c5 18.Rfd1 Kf8 19.Ne4 Re7 20.Ng5 Rxd7 21.Rxd7
Ne7 22.Nxh7+ Ke8 23.Rb7 Nd5 24.Kf2 Rd8 25.c4 Nxe3 26.Kxe3 Rd1 27.Rxb6 Rh1 
28.h4 Rg1 29.Kf3 Rf1+ 30.Kg4 Rc1 31.b3 1-0

[Event "21st Panam-ch"]
[Site "Mar del Plata ARG"]
[Date "2012.10.21"]
[Round "11.60"]
[White "Perez Wertheim, Rodolfo"]
[Black "Barea, Luis"]
[Result "0-1"]
[WhiteElo "2015"]
[BlackElo "2245"]
[EventDate "2012.10.12"]
[PlyCount "50"]

1.d4 d5 2.Nf3 c6 3.c3 Nf6 4.Bf4 Qb6 5.Qc1 Bf5 6.e3 e6 7.Nbd2 c5 8.Bxb8 
Rxb8 9.Ne5 Bd6 10.f4 Rc8 11.Be2 h5 12.a4 a6 13.a5 Qc7 14.Qd1 c4 15.Bf3 Qd8
16.Qa4+ Ke7 17.b3 cxb3 18.Qxb3 Rb8 19.c4 Bc7 20.O-O Kf8 21.cxd5 exd5 22.
Nxf7 Kxf7 23.e4 Bxf4 24.Bxh5+ Nxh5 25.Rxf4 Nxf4 0-1

[Event "21st Panam-ch"]
[Site "Mar del Plata ARG"]
[Date "2012.10.21"]
[Round "11.61"]
[White "Arias, Juan Carlos"]
[Black "Rivas, Lucas"]
[Result "1-0"]
[WhiteElo "2215"]
[BlackElo "1987"]
[EventDate "2012.10.12"]
[PlyCount "111"]

1.d4 Nf6 2.Nf3 e6 3.e3 b6 4.Bd3 Bb7 5.O-O Be7 6.Nbd2 O-O 7.b3 c5 8.Bb2 d6 
9.c4 Nbd7 10.Qe2 Qc7 11.Rad1 Rfd8 12.e4 cxd4 13.Nxd4 Ne5 14.Bb1 a6 15.f4 
Nc6 16.Kh1 Rac8 17.N2f3 Nd7 18.f5 e5 19.Nc2 Nf6 20.Ne3 Nb8 21.Nd5 Bxd5 22.
cxd5 b5 23.Nd2 Ne8 24.Nf3 Nf6 25.Bc1 Rd7 26.Bd2 Bd8 27.Ng1 Qb7 28.g4 Ne8 
29.g5 Rdc7 30.Rf3 Nd7 31.Rdf1 Nf8 32.h4 Qb6 33.h5 Qb7 34.Rg3 Qa7 35.Bd3 
Rb7 36.Nf3 Qc5 37.Rc1 Qxc1+ 38.Bxc1 Rxc1+ 39.Rg1 Rc5 40.g6 h6 41.a4 bxa4 
42.bxa4 a5 43.gxf7+ Kxf7 44.Bb5 Nc7 45.Rb1 Kg8 46.Nd2 Be7 47.Kg2 Rb8 48.
Nc4 Nxb5 49.axb5 Rcxb5 50.Rxb5 Rxb5 51.Nxd6 Rb8 52.Nc4 Nd7 53.Nxa5 Bf6 54.
Nc6 Rb3 55.Qa2 Re3 56.Qa7 1-0

[Event "21st Panam-ch"]
[Site "Mar del Plata ARG"]
[Date "2012.10.21"]
[Round "11.62"]
[White "Fiori, Alberto Nicolas"]
[Black "Brizzi, Victor Emmanuel"]
[Result "1-0"]
[WhiteElo "2159"]
[BlackElo "1930"]
[EventDate "2012.10.12"]
[PlyCount "103"]

1.e4 c5 2.Nf3 Nc6 3.d4 cxd4 4.Nxd4 Nf6 5.Nc3 e5 6.Ndb5 d6 7.a4 a6 8.Na3 
Be6 9.Bc4 Rc8 10.Bg5 Be7 11.Bxe6 fxe6 12.Bxf6 Bxf6 13.Qh5+ g6 14.Qg4 Qe7 
15.Nd5 Qf7 16.Nc4 Be7 17.Ncb6 O-O 18.Nxe7+ Nxe7 19.Nxc8 Qxf2+ 20.Kd1 Rxc8 
21.Qxe6+ Kh8 22.c3 Qxb2 23.Rc1 Qxg2 24.Qf6+ Kg8 25.Re1 Qg4+ 26.Kc2 Qd7 27.
Rf1 Nc6 28.Kd2 d5 29.Rcd1 dxe4+ 30.Ke1 Qh3 31.Qf7+ Kh8 32.Rd7 Qxc3+ 33.Kf2
Qf3+ 34.Kg1 Qxf7 35.Rfxf7 Nd4 36.Rxh7+ Kg8 37.Rdg7+ Kf8 38.Rf7+ Kg8 39.
Rhg7+ Kh8 40.Rh7+ Kg8 41.Rfg7+ Kf8 42.Rxb7 Kg8 43.Rbg7+ Kf8 44.Rc7 Kg8 45.
Rxc8+ Kxh7 46.Kf2 g5 47.Ra8 g4 48.Rxa6 Nf3 49.Rb6 Nxh2 50.a5 e3+ 51.Kxe3 
g3 52.Rb2 1-0

[Event "21st Panam-ch"]
[Site "Mar del Plata ARG"]
[Date "2012.10.21"]
[Round "11.63"]
[White "Ayala, Gustavo"]
[Black "Pineiro, Dario"]
[Result "0-1"]
[WhiteElo "1955"]
[BlackElo "2141"]
[EventDate "2012.10.12"]
[PlyCount "62"]

1.e4 c5 2.Nf3 a6 3.c4 Nc6 4.d4 cxd4 5.Nxd4 Nf6 6.Nc3 d6 7.Be2 e6 8.Be3 Be7
9.Qd2 Bd7 10.g4 Nxd4 11.Bxd4 e5 12.Be3 Bxg4 13.f3 Be6 14.Rg1 O-O 15.O-O-O 
Kh8 16.f4 Rc8 17.b3 exf4 18.Bxf4 b5 19.Bxd6 Bxd6 20.Qxd6 Qxd6 21.Rxd6 bxc4
22.b4 Ra8 23.e5 Nd7 24.Bxc4 Nxe5 25.Bxe6 fxe6 26.Rxe6 Nd3+ 27.Kb1 Nxb4 28.
Re7 g6 29.Rge1 Rab8 30.R1e4 Nd5+ 31.Kc2 Rfc8 0-1

[Event "21st Panam-ch"]
[Site "Mar del Plata ARG"]
[Date "2012.10.21"]
[Round "11.65"]
[White "Cortes Orihuela, Javier"]
[Black "Chiari, Arthur Gontijo"]
[Result "0-1"]
[WhiteElo "1948"]
[BlackElo "2098"]
[EventDate "2012.10.12"]
[PlyCount "88"]

1.Nf3 Nf6 2.g3 g6 3.Bg2 Bg7 4.O-O d5 5.d3 O-O 6.Nc3 c5 7.Bg5 Nc6 8.Bxf6 
Bxf6 9.Nd2 Be6 10.e4 d4 11.Ne2 Qc8 12.f4 Bg7 13.Kh1 Bd7 14.Ng1 e5 15.Qf3 
Nb4 16.Rfc1 f5 17.a3 fxe4 18.Nxe4 Bg4 19.Qf2 Nd5 20.Nd6 Qc6 21.Nc4 exf4 
22.gxf4 Qd7 23.Bxd5+ Qxd5+ 24.Qg2 Qxg2+ 25.Kxg2 Rxf4 26.Rf1 Rxf1 27.Rxf1 
Be6 28.Nh3 Bd5+ 29.Kg3 Re8 30.Nf4 Bxc4 31.dxc4 Be5 32.Kg4 Bxf4 33.Rxf4 Re2
34.b4 b6 35.b5 Rxc2 36.Re4 Rxc4 37.Kg5 Rc3 38.Re7 Rxa3 39.h4 Rg3+ 40.Kh6 
d3 41.h5 gxh5 42.Rxh7 c4 43.Rc7 d2 44.Rxa7 Kf8 0-1

[Event "21st Panam-ch"]
[Site "Mar del Plata ARG"]
[Date "2012.10.21"]
[Round "11.66"]
[White "Monteiro, Marcos Paul de Souza"]
[Black "Mendez, Nicolas"]
[Result "1-0"]
[WhiteElo "2040"]
[BlackElo "1744"]
[EventDate "2012.10.12"]
[PlyCount "51"]

1.d4 e6 2.c4 f5 3.g3 Nf6 4.Nc3 Be7 5.Bg2 Nc6 6.Nf3 d6 7.O-O e5 8.d5 Nb8 9.
Ng5 O-O 10.Ne6 Bxe6 11.dxe6 c6 12.e4 fxe4 13.Nxe4 h6 14.Qb3 Qc8 15.Rd1 
Nxe4 16.Bxe4 Na6 17.Be3 Nc7 18.Bg2 Nxe6 19.Bh3 Rf6 20.f4 Qc7 21.fxe5 dxe5 
22.c5 Qc8 23.Rf1 Kf7 24.Rxf6+ Bxf6 25.Bxe6+ Qxe6 26.Qxb7+ 1-0

[Event "21st Panam-ch"]
[Site "Mar del Plata ARG"]
[Date "2012.10.21"]
[Round "11.67"]
[White "Jorquera Alfaro, Mauricio"]
[Black "Espindola, Juan Carlos"]
[Result "1-0"]
[WhiteElo "2036"]
[BlackElo "1891"]
[EventDate "2012.10.12"]
[PlyCount "85"]

1.d4 d6 2.Nf3 Nf6 3.c4 Nbd7 4.Nc3 e5 5.e4 Be7 6.Be2 O-O 7.O-O Re8 8.Qc2 c6
9.Rd1 Qc7 10.h3 Nf8 11.Be3 Ng6 12.Rac1 Bf8 13.dxe5 dxe5 14.a3 Nh5 15.b4 
Nhf4 16.Bf1 Qe7 17.Kh2 Qf6 18.Ne1 Ne6 19.Ne2 h5 20.g3 h4 21.Bg2 Nh8 22.Nf3
g5 23.Qd2 Be7 24.Kg1 Ng6 25.Nh2 Qg7 26.Qb2 f6 27.Rd2 b6 28.Rcd1 Nc7 29.g4 
Be6 30.Qc3 Qf7 31.c5 b5 32.Bf1 Rad8 33.Rxd8 Rxd8 34.Rxd8+ Bxd8 35.Nc1 Qd7 
36.Be2 Nf8 37.Nf1 Bf7 38.Nb3 Nce6 39.Nfd2 Bc7 40.f3 Ng6 41.Bf2 Kg7 42.Qd3 
Qe8 {Ilegible} 43.Bf1 1-0

[Event "21st Panam-ch"]
[Site "Mar del Plata ARG"]
[Date "2012.10.21"]
[Round "11.72"]
[White "Restuccia, Francisco"]
[Black "Ezcurra, Mariano"]
[Result "1-0"]
[WhiteElo "2118"]
[BlackElo "1560"]
[EventDate "2012.10.12"]
[PlyCount "119"]

1.e4 c5 2.Nc3 e6 3.f4 Nc6 4.Nf3 Nd4 5.Nxd4 cxd4 6.Nb5 e5 7.Qh5 d6 8.fxe5 
g6 9.Qf3 dxe5 10.Bc4 f6 11.O-O a6 12.Na3 Bg7 13.d3 Ne7 14.c3 h5 15.cxd4 
Qxd4+ 16.Kh1 Bg4 17.Qg3 b5 18.Nc2 Qd7 19.Bb3 h4 20.Qf2 h3 21.gxh3 Rxh3 22.
Ne1 Qd4 23.Qxd4 exd4 24.Bf4 Be2 25.Rf2 Bxd3 26.Kg2 Rh4 27.Nxd3 g5 28.Bd6 
Kd7 29.Bxe7 Kxe7 30.Rc1 Kd6 31.Bd5 Rah8 32.Rc6+ Kd7 33.Nc5+ Ke8 34.Ne6 Kd7
35.Nxg7 Rxh2+ 36.Kf1 d3 37.e5 d2 38.Rd6+ Kc7 39.Ne6+ Kb8 40.Bg2 d1=Q+ 41.
Rxd1 fxe5 42.Nxg5 Rg8 43.Ne6 e4 44.Bxe4 Rxf2+ 45.Kxf2 Re8 46.Bd5 Rh8 47.
Ke3 Rh3+ 48.Kd4 Rh4+ 49.Ke5 Rh5+ 50.Kd6 Rh2 51.b4 Rh4 52.Kc5 Rh2 53.Rg1 
Rc2+ 54.Kb6 Rc8 55.Rg7 Re8 56.Rb7+ Kc8 57.Rc7+ Kb8 58.Nd4 Re6+ 59.Bxe6 a5 
60.Rc8# 1-0

[Event "21st Panam-ch"]
[Site "Mar del Plata ARG"]
[Date "2012.10.21"]
[Round "11.73"]
[White "Salvatti, Diego"]
[Black "Curotto, Nicolas"]
[Result "1-0"]
[WhiteElo "2112"]
[BlackElo "1859"]
[EventDate "2012.10.12"]
[PlyCount "70"]

1.Nf3 Nf6 2.g3 e6 3.Bg2 d5 4.O-O Be7 5.b3 b6 6.Bb2 Bb7 7.c4 O-O 8.cxd5 
exd5 9.d4 Nbd7 10.Nc3 c6 11.Rc1 Bd6 12.Qd3 Re8 13.Nd2 Rc8 14.e4 dxe4 15.
Ndxe4 Bb8 16.Rfd1 Nxe4 17.Nxe4 Nf6 18.Rc2 Nd5 19.a3 f5 20.Nc3 Qf6 21.Rdc1 
Rcd8 22.Nxd5 cxd5 23.Re2 Re6 24.Rxe6 Qxe6 25.Bc3 Qf7 26.Re1 Bd6 27.Bd2 Rf8
28.f4 g6 29.Bb4 Bxb4 30.axb4 Rc8 31.Qe3 Rc7 32.Qe5 Rc8 33.h4 Rd8 34.b5 Qg7
35.Qxg7+ Kxg7 1-0

[Event "21st Panam-ch"]
[Site "Mar del Plata ARG"]
[Date "2012.10.21"]
[Round "11.74"]
[White "Epelboin, Matias"]
[Black "Pirola, Marcos"]
[Result "1/2-1/2"]
[WhiteElo "1941"]
[BlackElo "2070"]
[EventDate "2012.10.12"]
[PlyCount "84"]

1.e4 Nf6 2.e5 Nd5 3.c4 Nb6 4.d4 d6 5.exd6 cxd6 6.Nc3 g6 7.Be3 Bg7 8.Rc1 
O-O 9.Nf3 Bg4 10.Be2 Nc6 11.b3 Nd7 12.O-O Nf6 13.h3 Bf5 14.d5 Nb8 15.Nd4 
Bd7 16.Qd2 Re8 17.f4 Na6 18.f5 Nc5 19.fxg6 hxg6 20.Bf3 Bc8 21.b4 Ncd7 22.
Ne4 Ne5 23.Nxf6+ exf6 24.Be2 a5 25.a3 axb4 26.axb4 Ra3 27.Bf2 Bd7 28.Ra1 
Qa8 29.Qb2 Rxa1 30.Rxa1 Qc8 31.Rc1 Bf5 32.c5 Bd3 33.Rc3 Bxe2 34.Qxe2 f5 
35.Qb5 dxc5 36.bxc5 Rd8 37.d6 Rxd6 38.cxd6 Qxc3 39.Qe8+ Kh7 40.d7 Nxd7 41.
Qxd7 Qc1+ 42.Kh2 Qf4+ 1/2-1/2

[Event "21st Panam-ch"]
[Site "Mar del Plata ARG"]
[Date "2012.10.21"]
[Round "11.75"]
[White "Lo Presti, Roberto"]
[Black "March, Diego"]
[Result "1-0"]
[WhiteElo "2065"]
[BlackElo "1822"]
[EventDate "2012.10.12"]
[PlyCount "61"]

1.e4 c5 2.Nf3 d6 3.d4 cxd4 4.Nxd4 Nf6 5.Nc3 g6 6.Be3 Bg7 7.f3 Nc6 8.Qd2 
O-O 9.Bc4 Bd7 10.O-O-O Ne5 11.Bb3 Rc8 12.g4 Nc4 13.Bxc4 Rxc4 14.h4 h5 15.
gxh5 Nxh5 16.Rhg1 Qa5 17.Rg5 f5 18.Rxg6 f4 19.Bf2 Rfc8 20.Rg5 b5 21.Nb3 
Qa6 22.Bd4 Rxd4 23.Qxd4 Kf8 24.Rxg7 Nxg7 25.Rg1 e5 26.Qd2 Be8 27.Qg2 Qb7 
28.Nd5 Qf7 29.Qg5 Bc6 30.Nf6 Rc7 31.Qh6 1-0

[Event "21st Panam-ch"]
[Site "Mar del Plata ARG"]
[Date "2012.10.21"]
[Round "11.76"]
[White "Speranza, Mariano"]
[Black "Romero, Fabian"]
[Result "0-1"]
[WhiteElo "1851"]
[BlackElo "2058"]
[EventDate "2012.10.12"]
[PlyCount "54"]

1.e4 c5 2.Nf3 d6 3.d4 cxd4 4.Nxd4 Nf6 5.Nc3 g6 6.Be3 Bg7 7.Bc4 Nc6 8.Nf3 
Bd7 9.Qd2 Ne5 10.Bb3 Rc8 11.Bh6 Bxh6 12.Qxh6 Nc4 13.Bxc4 Rxc4 14.O-O-O Qb6
15.Ne2 a5 16.e5 dxe5 17.Nxe5 Qxf2 18.Rhe1 Bf5 19.c3 Qxg2 20.Qe3 O-O 21.Rd2
Re8 22.Ng1 Qh1 23.Nh3 Qxe1+ 24.Qxe1 Bxh3 25.Rd4 Rc5 26.Rh4 Bf5 27.Qd2 h5 
0-1

[Event "21st Panam-ch"]
[Site "Mar del Plata ARG"]
[Date "2012.10.21"]
[Round "11.77"]
[White "Saitta, Jorge"]
[Black "Schuh, Astor Jose"]
[Result "1/2-1/2"]
[WhiteElo "1847"]
[BlackElo "2055"]
[EventDate "2012.10.12"]
[PlyCount "95"]

1.e4 c5 2.Nc3 e5 3.Bc4 Nf6 4.d3 Nc6 5.f4 d6 6.f5 Na5 7.Bd5 Nxd5 8.Nxd5 Be7
9.Qh5 Bd7 10.Nxe7 Kxe7 11.g4 Qb6 12.Qg5+ Kf8 13.Ne2 f6 14.Qe3 h6 15.b3 Nc6
16.c3 a5 17.Ba3 Ke7 18.Rd1 Ra6 19.d4 cxd4 20.cxd4 Nb4 21.Qd2 Rd8 22.Nc3 
Qxd4 23.Bxb4 Qxd2+ 24.Rxd2 axb4 25.Nd5+ Kf7 26.Nxb4 Rb6 27.Nd5 Rb5 28.Kf2 
Rc8 29.b4 Rc4 30.a4 Rbxb4 31.Nxb4 Rxb4 32.Rxd6 Bc6 33.Re1 Rxa4 34.Kf3 Ra3+
35.Re3 Ra1 36.h4 Rf1+ 37.Kg3 Rg1+ 38.Kf3 Rf1+ 39.Kg3 Rf4 40.Re1 Bxe4 41.
Rd7+ Kg8 42.Ra1 h5 43.gxh5 Kh7 44.Ra8 Rxf5 45.Rf7 Rf3+ 46.Kh2 Rf5 47.Rff8 
Rf2+ 48.Kg1 1/2-1/2

[Event "21st Panam-ch"]
[Site "Mar del Plata ARG"]
[Date "2012.10.21"]
[Round "11.82"]
[White "Besso, Javier Alejandro"]
[Black "Okamura, Milton Kasuo"]
[Result "1/2-1/2"]
[WhiteElo "1751"]
[BlackElo "2092"]
[EventDate "2012.10.12"]
[PlyCount "90"]

1.d4 d5 2.Nf3 Nf6 3.e3 Bf5 4.Bd3 e6 5.Bxf5 exf5 6.O-O Bd6 7.b3 Qe7 8.Qd3 
g6 9.Nbd2 O-O 10.Bb2 Nbd7 11.c4 c6 12.c5 Bc7 13.b4 Ne4 14.a4 g5 15.g3 Rfe8
16.b5 Ndf6 17.a5 a6 18.bxc6 bxc6 19.Rfb1 Ng4 20.Rf1 Rab8 21.Bc3 Rb5 22.h3 
Ngf6 23.Rfb1 Reb8 24.Rxb5 Rxb5 25.Rb1 Nxc3 26.Qxc3 Bxa5 27.Qd3 Ne4 28.Rxb5
axb5 29.Nb3 Bc7 30.Kg2 Kg7 31.Nh2 Qe6 32.Nf1 Nc3 33.Qd2 Ne4 34.Qa2 Nf6 35.
Qe2 f4 36.Nbd2 fxg3 37.Nxg3 Bxg3 38.fxg3 Qf5 39.Nf3 Qe4 40.Kf2 Nd7 41.g4 
Qb1 42.h4 h6 43.hxg5 hxg5 44.Kg3 f6 45.Qh2 Qe4 1/2-1/2

[Event "21st Panam-ch"]
[Site "Mar del Plata ARG"]
[Date "2012.10.21"]
[Round "11.83"]
[White "Judewicz, Alejandro"]
[Black "Zalimben, Maria Luz"]
[Result "1-0"]
[WhiteElo "2084"]
[BlackElo "1714"]
[EventDate "2012.10.12"]
[PlyCount "67"]

1.e4 e6 2.d4 d5 3.Nc3 Nf6 4.e5 Nfd7 5.Nf3 c5 6.dxc5 Nc6 7.Bf4 Be7 8.Nb5 
Nxc5 9.c4 O-O 10.cxd5 exd5 11.Be2 Ne6 12.Bg3 Qa5+ 13.Kf1 Rd8 14.a3 a6 15.
Nd6 d4 16.b4 Qb6 17.Bd3 Bd7 18.h4 h6 19.Qe2 Nf8 20.Nd2 Be6 21.N2c4 Qa7 22.
Nf5 b5 23.Ncd6 Bxf5 24.Nxf5 Rd7 25.Qg4 Ne6 26.Nxh6+ Kf8 27.Nxf7 Ncd8 28.
Ng5 Bxg5 29.hxg5 Ke7 30.g6 Rc8 31.Bh4+ Ke8 32.Bxd8 Rdxd8 33.Bf5 Rc6 34.Rh7
1-0

[Event "21st Panam-ch"]
[Site "Mar del Plata ARG"]
[Date "2012.10.21"]
[Round "11.85"]
[White "Elias, Roberto"]
[Black "Aguero Arce, Matias"]
[Result "1/2-1/2"]
[WhiteElo "1885"]
[BlackElo "1633"]
[EventDate "2012.10.12"]
[PlyCount "32"]

1.Nf3 Nf6 2.c4 e6 3.e3 d5 4.b3 Bd6 5.Bb2 Nbd7 6.Nc3 O-O 7.Rc1 c6 8.d4 Re8 
9.a3 Qe7 10.cxd5 exd5 11.b4 Ng4 12.Qd2 Ndf6 13.h3 Nh6 14.Qd3 Ne4 15.Qc2 
Ng5 16.Qe2 Qf6 1/2-1/2

[Event "21st Panam-ch"]
[Site "Mar del Plata ARG"]
[Date "2012.10.21"]
[Round "11.90"]
[White "Figar, Nicolas"]
[Black "Caceres Recalde, Gonzalo"]
[Result "1/2-1/2"]
[WhiteElo "1802"]
[BlackElo "1582"]
[EventDate "2012.10.12"]
[PlyCount "28"]

1.e4 c5 2.Nf3 d6 3.d4 cxd4 4.Nxd4 Nf6 5.Nc3 g6 6.Be3 Bg7 7.f3 Nc6 8.Qd2 
O-O 9.O-O-O Nxd4 10.Bxd4 Be6 11.g4 Qa5 12.Kb1 Rfc8 13.h4 a6 14.Qf2 Rc6 
1/2-1/2

[Event "21st Panam-ch"]
[Site "Mar del Plata ARG"]
[Date "2012.10.21"]
[Round "11.91"]
[White "Desanzo, Juan Carlos"]
[Black "Baquero, Yuri Paola"]
[Result "0-1"]
[WhiteElo "1604"]
[BlackElo "1780"]
[EventDate "2012.10.12"]
[PlyCount "94"]

1.d4 e6 2.c4 d5 3.Nf3 c6 4.Nc3 Bb4 5.Bg5 Nf6 6.e3 Nbd7 7.Bd3 Qa5 8.Qc2 Ne4
9.Bxe4 dxe4 10.Ne5 Nxe5 11.dxe5 Qxe5 12.Bf4 Qa5 13.O-O Bxc3 14.bxc3 O-O 
15.Rfd1 e5 16.Bg5 f6 17.Bh4 Be6 18.Qxe4 Qxc3 19.Rac1 Qa5 20.Qc2 Rfd8 21.f3
Qa6 22.Rxd8+ Rxd8 23.Bf2 Bxc4 24.h3 Be6 25.Qc5 Kf7 26.a3 Qb6 27.Qc3 Qb3 
28.Qc5 a6 29.Rc3 Qd5 30.Qb6 Rd7 31.e4 Qb5 32.Qe3 Qb2 33.a4 Qd2 34.Qc5 Qd1+
35.Kh2 Qxa4 36.Ra3 Qb5 37.Qc3 Qe2 38.Kg3 Rd2 39.Qc5 Rd7 40.Qb6 Qb5 41.Qe3 
a5 42.Qa7 Qa6 43.Qc5 a4 44.Be1 Qc4 45.Qb6 Qc1 46.Bb4 Bb3 47.Kh2 Qf4+ 0-1